[Event "Budapest Spring op 09th"]
[Site "Budapest"]
[Date "1993.??.??"]
[Round "3"]
[White "David, Arpad"]
[Black "Kranzl, Peter"]
[Result "1-0"]
[WhiteElo "2205"]
[BlackElo "2310"]
[PlyCount "107"]
[EventDate "1993.03.??"]
[EventType "swiss"]
[EventRounds "9"]
[EventCountry "HUN"]
[SourceTitle "EXT 1998"]
[Source "ChessBase"]
[SourceDate "1997.11.17"]
[SourceVersion "1"]
[SourceVersionDate "1997.11.17"]
[SourceQuality "1"]

1. c4 Nf6 2. Nc3 g6 3. e3 Bg7 4. g3 0-0 5. Bg2 d6 6. Nge2 e5 7. 0-0 c6 8. b3 Bf5 9. e4 Be6 10. d4 Qc8 11. Be3 Bh3 12. f3 Bxg2 13. Kxg2 exd4 14. Bxd4 Qc7 15. Rc1 Nbd7 16. Rc2 Rad8 17. Be3 Rfe8 18. Qc1 Ne5 19. Rd1 Qe7 20. Bg5 Qf8 21. Be3 b6 22. h3 h6 23. Rcd2 Qe7 24. Bf2 Nxf3 25. Kxf3 Nxe4 26. Kg2 Nxd2 27. Qxd2 h5 28. Bd4 Be5 29. Rf1 f5 30. Qh6 Qg7 31. Qd2 Kh7 32. Be3 Qb7 33. Bg5 Rd7 34. Nf4 b5 35. cxb5 Bxc3 36. Qxc3 cxb5+ 37. Kh2 d5 38. Qf6 Qb6 39. Qxb6 axb6 40. Rd1 d4 41. Kg2 Ra8 42. Rd2 Rda7 43. Rxd4 Rxa2+ 44. Kf3 Rb2 45. Rd7+ Kg8 46. Nxg6 Rxb3+ 47. Kf4 Ra2 48. Ke5 Rc2 49. Bf4 Rbc3 50. Kf6 Rc6+ 51. Bd6 Rxd6+ 52. Rxd6 Kh7 53. Rd7+ Kh6 54. Ne7 1-0